000
00178 a2200097 4500
020
_a
9789992448090
041
_a
spa
100
_a
RUBEN DARIO
245
_a
AUTOBIOGRAFIA
942
_c
BK
999
_c
663
_d
663